000 00523nam a2200217 a 4500
999 _c4665
_d4665
001 4665
003 BD-JhCC
005 20171205175308.0
008 171129s1965 bg |||| ||a| 000 0 eng d
035 _a(BD-JhCC) 4665
040 _aBD-JhCC
_dBD-JhCC
041 _aeng
082 _a956
_bRAH 1965
100 _aRahman, H.
245 _aISLAMIC HISTORY /
_c H.Rahman
260 _aDhaka :
_bIdeal Publications ,
_c1965
300 _a303 p .:
_c20 cm .
650 _aIslamic history
942 _2ddc
_cBK